[Event "31. DSenEM2019 Gruppe 65+"]
[Site "Radebeul"]
[Date "2019.04.30"]
[Round "5.78"]
[White "Schumacher, Ursula"]
[Black "Hülle, Gunter"]
[Result "1/2-1/2"]
[WhiteElo "1507"]
[BlackElo "1736"]
[PlyCount "35"]
[EventDate "2019.??.??"]
[WhiteTeam "HTC Bad Neuenahr"]
[BlackTeam "SV Springer Leipzig"]

1. c4 Nf6 2. Nc3 g6 3. Nf3 d6 4. d4 Bg7 5. g3 O-O 6. Bg2 c6 7. O-O Qc7 8. e3 e5
9. d5 a5 10. h3 Na6 11. Ng5 Nc5 12. Kh2 h6 13. Nge4 Nfxe4 14. Nxe4 Nxe4 15.
Bxe4 f5 16. Bg2 e4 17. Rb1 c5 18. b3 1/2-1/2

[Event "31. DSenEM2019 Gruppe 65+"]
[Site "Radebeul"]
[Date "2019.04.30"]
[Round "5.79"]
[White "Schleicher, Winfried"]
[Black "Lichtblau, Ernst"]
[Result "0-1"]
[WhiteElo "1352"]
[BlackElo "1729"]
[PlyCount "64"]
[EventDate "2019.??.??"]
[WhiteTeam "Lüneschach"]
[BlackTeam "Brühler SK"]

1. d4 d5 2. Bf4 c6 3. e3 Bf5 4. Nd2 e6 5. Ngf3 Bd6 6. Ne5 f6 7. Nef3 Bxf4 8.
exf4 Ne7 9. Nh4 O-O 10. Nxf5 Nxf5 11. Nf3 Nd7 12. Bd3 Nd6 13. O-O c5 14. Re1
Re8 15. dxc5 Nxc5 16. Be2 Qb6 17. b3 Nce4 18. Rf1 Nc3 19. Qd2 Nxe2+ 20. Qxe2
Rac8 21. Rac1 Qb4 22. Qd2 Qa3 23. c4 Ne4 24. Qc2 Qd6 25. g3 Qb4 26. Qd1 Qa3 27.
Qe2 Qa6 28. Rc2 Nd6 29. Rfc1 dxc4 30. bxc4 b6 31. Kf1 Qb7 32. Nd2 Qh1# 0-1

[Event "31. DSenEM2019 Gruppe 65+"]
[Site "Radebeul"]
[Date "2019.04.30"]
[Round "5.80"]
[White "Narr, Irmgard"]
[Black "Deak-Willimsky, Emanuela"]
[Result "1-0"]
[WhiteElo "1708"]
[BlackElo "1506"]
[PlyCount "172"]
[EventDate "2019.??.??"]
[WhiteTeam "SC Mühlhof-Reichelsdorf"]
[BlackTeam "SF Furtwangen-Vöhrenbach"]

 1.
e4 c5 2. Nf3 Nc6 3. Bc4 e6 4. Nc3 g6 5. d4 cxd4 6. Nxd4 Bg7 7. Nxc6 bxc6 8. Ne2
Bb7 9. Ng3 Ne7 10. O-O O-O 11. Rb1 d5 12. exd5 cxd5 13. Be2 Qc7 14. c3 Rfd8 15.
Be3 Qc6 16. Bf3 e5 17. Qc1 f5 18. Bh6 f4 19. Bxg7 Kxg7 20. Ne2 Qf6 21. g3 Rf8
22. c4 e4 23. Bh1 f3 24. Nf4 Rac8 25. c5 Kg8 26. b4 h6 27. Qb2 Qf7 28. Qe5 Qf6
29. Qe6+ Qxe6 30. Nxe6 Rf6 31. Nd4 Nc6 32. Nb5 Ba6 33. a4 Rb8 34. Rfd1 Bxb5 35.
axb5 Rxb5 36. Rxd5 Rxb4 37. Rxb4 Nxb4 38. Rd8+ Kg7 39. Rd7+ Rf7 40. Rd4 a5 41.
Rxe4 Rf5 42. Rc4 Rf6 43. h4 h5 44. Rc3 Nd5 45. Ra3 Nc7 46. Bxf3 Ra6 47. Be2 Ra7
48. Bc4 Kf6 49. f4 a4 50. Kf2 Ra5 51. c6 Rc5 52. Rxa4 Rxc6 53. Bd3 Rc5 54. Rd4
Rc3 55. Rd6+ Kg7 56. Rxg6+ Kf7 57. Rd6 Ke7 58. Rd4 Ne6 59. Rd5 Ng7 60. Bg6 Ke6
61. Re5+ Kf6 62. Bxh5 Nf5 63. Bf3 Nd4 64. Bh5 Nf5 65. Bf3 Nd4 66. Be4 Ne6 67.
h5 Nc5 68. Bg6 Rc4 69. Kf3 Rc3+ 70. Re3 Rc1 71. Kg4 Rc4 72. Bb1 Rd4 73. Re5 Nd3
74. Bxd3 Rxd3 75. Rf5+ Kg7 76. Rg5+ Kh7 77. Rg6 Kh8 78. f5 Rd4+ 79. Kg5 Kh7 80.
Re6 Rd3 81. g4 Rd4 82. Re7+ Kg8 83. h6 Kh8 84. f6 Rc4 85. f7 Rc5+ 86. Kh4 Rc4
1-0

[Event "31. DSenEM2019 Gruppe 65+"]
[Site "Radebeul"]
[Date "2019.04.30"]
[Round "5.81"]
[White "Briesemeister, Klaus"]
[Black "Scharff, Jürgen"]
[Result "1/2-1/2"]
[WhiteElo "1621"]
[BlackElo "1693"]
[PlyCount "44"]
[EventDate "2019.??.??"]
[WhiteTeam "SV Lingen"]
[BlackTeam "SV Opladen"]

 1. d4 e6 2. c4 Nf6 3. Nc3 d5 4. Nf3 c5
5. e3 Nc6 6. cxd5 exd5 7. Bb5 a6 8. Bxc6+ bxc6 9. Qa4 cxd4 10. exd4 Bb7 11. O-O
Be7 12. Bg5 O-O 13. Ne5 Qc7 14. Rac1 Rac8 15. Bxf6 Bxf6 16. Nxd5 Qd6 17. Nxf6+
gxf6 18. Nf3 Kh8 19. Rc5 Rg8 20. Qb3 Qd7 21. h3 Qxh3 22. Rg5 Qd7 1/2-1/2

[Event "31. DSenEM2019 Gruppe 65+"]
[Site "Radebeul"]
[Date "2019.04.30"]
[Round "5.82"]
[White "Hoose, Hannelore"]
[Black "Ludwig, Richard"]
[Result "1/2-1/2"]
[WhiteElo "1674"]
[BlackElo "1547"]
[PlyCount "64"]
[EventDate "2019.??.??"]
[WhiteTeam "SC Vahr"]
[BlackTeam "SV Irxleben"]

1. Nf3 Nf6 2. b3 d5 3. Bb2 e6 4. e3 Be7 5. Be2 Nc6 6. O-O O-O 7. c4 dxc4 8.
Bxc4 a6 9. Be2 b6 10. d4 Bb7 11. Nbd2 b5 12. a3 Na7 13. Rc1 Nc8 14. Qc2 c6 15.
Ne5 Na7 16. b4 Rc8 17. Bf3 Qe8 18. Nb3 Ba8 19. Nc5 Bxc5 20. Qxc5 Rc7 21. h3 Qb8
22. Rfd1 Rd8 23. g3 Nd7 24. Nxd7 Rdxd7 25. Bg2 Nc8 26. Qc3 f6 27. Qe1 Re7 28.
Rc5 Nd6 29. Rdc1 Nc4 30. Ba1 Kf8 31. a4 e5 32. dxe5 fxe5 1/2-1/2

[Event "31. DSenEM2019 Gruppe 65+"]
[Site "Radebeul"]
[Date "2019.04.30"]
[Round "5.83"]
[White "Helm, Helga"]
[Black "Rudolph, Karl-Heinz"]
[Result "1/2-1/2"]
[WhiteElo "1614"]
[BlackElo "1642"]
[PlyCount "23"]
[EventDate "2019.??.??"]
[WhiteTeam "SV Springer Leipzig"]
[BlackTeam "SV Irxleben"]

1. e4 e5 2. Nf3 Nc6 3. d4 exd4 4. Nxd4 Bc5 5. Be3 Qf6 6. c3 a6 7. Bc4 Nge7 8.
O-O O-O 9. Re1 d6 10. Nxc6 Nxc6 11. Bxc5 dxc5 12. Qc2 1/2-1/2

[Event "31. DSenEM2019 Gruppe 65+"]
[Site "Radebeul"]
[Date "2019.04.30"]
[Round "5.84"]
[White "Girod, Gudrun"]
[Black "Richter, Stefan"]
[Result "0-1"]
[WhiteElo "1487"]
[BlackElo "1631"]
[PlyCount "52"]
[EventDate "2019.??.??"]
[WhiteTeam "Hannover 96"]
[BlackTeam "SZ Langenberg"]

1. d4 g6 2. Bf4 d6 3. h3 Bg7 4. e3 Nf6 5. Nf3 a6 6. c3 Nbd7 7. Nbd2 b6 8. Be2
h6 9. Qc2 Nd5 10. Bh2 e6 11. a3 O-O 12. c4 Ne7 13. O-O Bb7 14. Rac1 f5 15. Ne1
Rc8 16. Bf3 Bxf3 17. Ndxf3 Nf6 18. Nd3 Ne4 19. Nd2 Ng5 20. f4 Nf7 21. Bg3 g5
22. fxg5 Nxg5 23. Nb4 c5 24. Na2 h5 25. e4 h4 26. exf5 hxg3 0-1

[Event "31. DSenEM2019 Gruppe 65+"]
[Site "Radebeul"]
[Date "2019.04.30"]
[Round "5.85"]
[White "Geibel, Henning"]
[Black "Walther, Renate"]
[Result "1-0"]
[WhiteElo "1392"]
[BlackElo "1127"]
[PlyCount "121"]
[EventDate "2019.??.??"]
[WhiteTeam "SV Bargteheide"]
[BlackTeam "SK Herzogenaurach"]

1. e4 e5 2. Nf3 d5 3. exd5 Bd6 4. Nc3 Nf6 5. Bc4 O-O 6. O-O Nbd7 7. Re1 Re8 8.
d3 Nb6 9. Bb3 a5 10. a4 Bd7 11. Bg5 Bg4 12. h3 Bxf3 13. Qxf3 Nbd7 14. Ne4 h6
15. Bh4 Ra6 16. Nxd6 Rxd6 17. Qe3 Qc8 18. c4 Rb6 19. Ra3 c5 20. dxc6 Qxc6 21.
Qd2 Qc5 22. Re3 g5 23. Bg3 Rbe6 24. Bd1 Qd4 25. Rb3 Nc5 26. Rb5 b6 27. b4 axb4
28. Qxb4 Na6 29. Qb1 Nc5 30. Rxb6 Ncd7 31. Rxe6 Rxe6 32. Be2 Rb6 33. Qd1 e4 34.
Bg4 Ne5 35. Bxe5 Qxe5 36. d4 Qe8 37. d5 Qd8 38. Bf5 Rb4 39. Bxe4 Rxc4 40. Bf3
Qd7 41. a5 Qb5 42. Be2 Qa4 43. Qxa4 Rxa4 44. a6 Nxd5 45. Re8+ Kg7 46. Ra8 Nc7
47. Ra7 Ra1+ 48. Kh2 Rc1 49. Rb7 Rc6 50. a7 Na8 51. Bh5 Kf6 52. Rxf7+ Ke6 53.
Rh7 Rc7 54. Rxh6+ Kd7 55. Ra6 Kc8 56. Bf3 g4 57. Bxg4+ Kb7 58. Ra1 Nb6 59. Bf3+
Kc8 60. a8=Q+ Nxa8 61. Rxa8+ 1-0